000
00260nam a2200109Ia 4500
008
190914s9999||||xx |||||||||||||| ||und||
100
_a
Richard R. Daft
245
0
_a
Understanding Management
260
_a
Delhi
_b
Viva Books
_c
1998
300
_a
384
942
_c
BK
999
_c
8901
_d
8901